Statistics for Star Wars: Clone Troopers by Picture

Click here to take the quiz!

General Stats

  • This quiz has been taken 438 times
  • The average score is 25 of 50

Answer Stats

Answer% Correct
Rex
92%
Cody
90%
Fox
85%
Tech
85%
Wrecker
85%
Echo
83%
Fives
82%
Hunter
82%
Crosshair
80%
Jesse
80%
Omega
80%
Wolffe
77%
Gregor
76%
Gree
74%
Bly
70%
Thorn
63%
Appo
62%
Hardcase
59%
Neyo
56%
Vaughn
56%
Bacara
55%
Doom
52%
Cut Lawquane
51%
Howzer
50%
Scorch
50%
Colt
48%
Keeli
47%
Boss
43%
Sev
43%
Hound
41%
Hawk
39%
Jet
39%
Blitz
35%
Fixer
35%
Grey
34%
Monnk
34%
Trauma
34%
Havoc
33%
Fil
32%
Blackout
30%
Crys
27%
Lock
25%
Trapper
25%
Hammer
23%
Spark
20%
Goji
19%
Jek
18%
Stew
13%
Faie
10%
Galle
10%

Score Distribution

Percentile by Number Answered

Percent of People with Each Score

Your Score History

You have not taken this quiz